Vista normal
Vista MARC
Entrada Personal Name
Número de registros utilizados en: 1
001 - CONTROL NUMBER
- control field: 2127
003 - CONTROL NUMBER IDENTIFIER
- control field: OSt
005 - DATE AND TIME OF LATEST TRANSACTION
- control field: 20200329031919.0
008 - FIXED-LENGTH DATA ELEMENTS
- fixed length control field: 200329|| aca||aabn | a|a d
040 ## - CATALOGING SOURCE
- Original cataloging agency: OSt
- Transcribing agency: OSt
100 ## - HEADING--PERSONAL NAME
- Personal name: Harguindéguy, Jean-Baptiste,
670 ## - SOURCE DATA FOUND
- Source citation: Work cat.: (OSt)5111: Harguindéguy, Jean-Baptiste, autor, Análisis de políticas públicas / , 2013